000 00547nam a2200205 i 4500
001 bg
100 1 _aCLOUGH, Ray W.
245 0 _aDynamics of structures /
_cRay W. Clough, Joseph Penzien.
260 _aNew York :
_bMcGraw-Hill Book Company,
_c1975.
650 9 _aKonstrukcje
_xmechanika
_xbadanie
650 9 _aDrgania
_xteoria
700 1 _aPENZIEN, Joseph
020 _a0070113920
040 _cBPK
041 _apol
080 _a624.01/.07:534
920 _a0-07-011392-0
942 _cKS
008 s pl f |000 0 pol
999 _c18341
_d18341
856 _uhttp://koha.tu.koszalin.pl/cgi-bin/koha/opac-detail.pl?biblionumber=18341
_yKatalog online BPK